| 000 | 00684nam a22002297a 4500 | ||
|---|---|---|---|
| 999 |
_c12988 _d12988 |
||
| 003 | AR-CdUCM | ||
| 008 | 190410b ||||| |||| 00| 0 spa d | ||
| 040 |
_aMUNICIPALIDAD PROVINCIAL DEL CUSCO _cBIBLIOTECA MUNICIPAL DEL CUSCO |
||
| 082 |
_a869.56 / _bN56 |
||
| 100 |
_aNieto, Degregori _931141 |
||
| 245 | _aFuego del sur / | ||
| 260 |
_aPerú : _bLluvia, _c1990. |
||
| 300 |
_a56 paginas ; _c20 cm. |
||
| 505 | _aContenido : Narraciones | ||
| 650 |
_aNarradores cusqueños _931142 |
||
| 650 |
_aNarraciones _9930 |
||
| 650 |
_aVivencias _92268 |
||
| 700 |
_aRosas, Paravicino _931143 |
||
| 700 |
_aGuevara, Paredes _931144 |
||
| 942 |
_2ddc _cLIBROS |
||
| 945 |
_awnts _d2019-04-10 |
||